<?xml version="1.0" encoding="UTF-8"?>
<record
    xmlns:xsi="http://www.w3.org/2001/XMLSchema-instance"
    xsi:schemaLocation="http://www.loc.gov/MARC21/slim http://www.loc.gov/standards/marcxml/schema/MARC21slim.xsd"
    xmlns="http://www.loc.gov/MARC21/slim">

  <leader>01454nam a22003137a 4500</leader>
  <datafield tag="999" ind1=" " ind2=" ">
    <subfield code="c">101969</subfield>
    <subfield code="d">101969</subfield>
  </datafield>
  <controlfield tag="005">20230228163010.0</controlfield>
  <datafield tag="010" ind1=" " ind2=" ">
    <subfield code="a">1617EN  ENG-115902   ENG-1136273</subfield>
  </datafield>
  <datafield tag="020" ind1=" " ind2=" ">
    <subfield code="a">9780199459711 </subfield>
    <subfield code="c">1795.00</subfield>
  </datafield>
  <datafield tag="020" ind1=" " ind2=" ">
    <subfield code="a">199459711</subfield>
    <subfield code="c">1795.00</subfield>
  </datafield>
  <datafield tag="035" ind1=" " ind2=" ">
    <subfield code="a">b-649763-772</subfield>
  </datafield>
  <datafield tag="035" ind1=" " ind2=" ">
    <subfield code="a">EN-99434    EN-119805</subfield>
  </datafield>
  <datafield tag="035" ind1=" " ind2=" ">
    <subfield code="a">B-664939</subfield>
  </datafield>
  <datafield tag="037" ind1=" " ind2=" ">
    <subfield code="b">Uppal</subfield>
    <subfield code="a">dpl</subfield>
  </datafield>
  <datafield tag="037" ind1=" " ind2=" ">
    <subfield code="b">DBAD/PUB</subfield>
  </datafield>
  <datafield tag="082" ind1="0" ind2="4">
    <subfield code="a">305.800954</subfield>
    <subfield code="2">23</subfield>
  </datafield>
  <datafield tag="245" ind1="0" ind2="4">
    <subfield code="a">The scheduled tribes and their India :</subfield>
    <subfield code="b">politics, identities, policies, and work /</subfield>
    <subfield code="c">edited by Nandini Sundar.</subfield>
  </datafield>
  <datafield tag="250" ind1=" " ind2=" ">
    <subfield code="a">First edition.</subfield>
  </datafield>
  <datafield tag="260" ind1=" " ind2=" ">
    <subfield code="a">New Delhi</subfield>
    <subfield code="b">Oxford University press</subfield>
    <subfield code="c">2016</subfield>
  </datafield>
  <datafield tag="270" ind1=" " ind2=" ">
    <subfield code="a">YMCA Library Building,1 Jaisingh Road</subfield>
    <subfield code="b">New Delhi</subfield>
    <subfield code="e">110001</subfield>
  </datafield>
  <datafield tag="300" ind1=" " ind2=" ">
    <subfield code="a">xviii, 640 pages :</subfield>
    <subfield code="b">illustrations (black and white), 1 map (black and white) ;</subfield>
    <subfield code="c">22 cm.</subfield>
  </datafield>
  <datafield tag="490" ind1="1" ind2=" ">
    <subfield code="a">Oxford in India readings in sociology and social anthropology</subfield>
  </datafield>
  <datafield tag="500" ind1=" " ind2=" ">
    <subfield code="a">Contributed articles.</subfield>
  </datafield>
  <datafield tag="504" ind1=" " ind2=" ">
    <subfield code="a">Includes bibliographical references and index.</subfield>
  </datafield>
  <datafield tag="700" ind1="1" ind2=" ">
    <subfield code="a">Sundar, Nandini,</subfield>
    <subfield code="e">editor.</subfield>
  </datafield>
  <datafield tag="830" ind1=" " ind2="0">
    <subfield code="a">Oxford in India readings in sociology and social anthropology.</subfield>
  </datafield>
  <datafield tag="942" ind1=" " ind2=" ">
    <subfield code="2">ddc</subfield>
    <subfield code="c">EN</subfield>
    <subfield code="h">305.800954</subfield>
    <subfield code="m">SCH</subfield>
  </datafield>
  <datafield tag="952" ind1=" " ind2=" ">
    <subfield code="0">0</subfield>
    <subfield code="1">0</subfield>
    <subfield code="4">0</subfield>
    <subfield code="7">1</subfield>
    <subfield code="8">NFIC</subfield>
    <subfield code="a">DBAD</subfield>
    <subfield code="b">BN</subfield>
    <subfield code="d">2016-09-05</subfield>
    <subfield code="e">DBAD/PUB</subfield>
    <subfield code="g">1795.00</subfield>
    <subfield code="l">0</subfield>
    <subfield code="o">305.800954 SCH</subfield>
    <subfield code="p">EN-99434</subfield>
    <subfield code="r">2016-09-05 00:00:00</subfield>
    <subfield code="t">1</subfield>
    <subfield code="v">1795.00</subfield>
    <subfield code="y">EN</subfield>
  </datafield>
  <datafield tag="952" ind1=" " ind2=" ">
    <subfield code="0">0</subfield>
    <subfield code="1">0</subfield>
    <subfield code="4">0</subfield>
    <subfield code="7">0</subfield>
    <subfield code="8">NFIC</subfield>
    <subfield code="a">L</subfield>
    <subfield code="b">L</subfield>
    <subfield code="d">2017-03-09</subfield>
    <subfield code="e">BPPD/EN/2016-17/307/24.11.2016/13925/07.12.2016/02.01.2017</subfield>
    <subfield code="g">1795.00</subfield>
    <subfield code="l">0</subfield>
    <subfield code="o">305.800954 SCH</subfield>
    <subfield code="p">B-649763</subfield>
    <subfield code="r">2017-03-09 00:00:00</subfield>
    <subfield code="t">1</subfield>
    <subfield code="v">1795.00</subfield>
    <subfield code="w">2017-03-09</subfield>
    <subfield code="y">EN</subfield>
  </datafield>
  <datafield tag="952" ind1=" " ind2=" ">
    <subfield code="0">0</subfield>
    <subfield code="1">0</subfield>
    <subfield code="4">0</subfield>
    <subfield code="7">0</subfield>
    <subfield code="8">NFIC</subfield>
    <subfield code="a">NPL</subfield>
    <subfield code="b">NPL</subfield>
    <subfield code="d">2017-03-09</subfield>
    <subfield code="e">BPPD/EN/2016-17/307/24.11.2016/13925/07.12.2016/02.01.2017</subfield>
    <subfield code="g">1795.00</subfield>
    <subfield code="l">0</subfield>
    <subfield code="o">305.800954 SCH</subfield>
    <subfield code="p">B-649764</subfield>
    <subfield code="r">2017-03-09 00:00:00</subfield>
    <subfield code="t">1</subfield>
    <subfield code="v">1795.00</subfield>
    <subfield code="y">EN</subfield>
  </datafield>
  <datafield tag="952" ind1=" " ind2=" ">
    <subfield code="0">0</subfield>
    <subfield code="1">0</subfield>
    <subfield code="4">0</subfield>
    <subfield code="7">0</subfield>
    <subfield code="8">NFIC</subfield>
    <subfield code="a">BL1</subfield>
    <subfield code="b">BL1</subfield>
    <subfield code="d">2017-03-09</subfield>
    <subfield code="e">BPPD/EN/2016-17/307/24.11.2016/13925/07.12.2016/02.01.2017</subfield>
    <subfield code="g">1795.00</subfield>
    <subfield code="l">1</subfield>
    <subfield code="m">1</subfield>
    <subfield code="o">305.800954 SCH</subfield>
    <subfield code="p">B-649765</subfield>
    <subfield code="r">2019-07-12 00:00:00</subfield>
    <subfield code="s">2019-06-13</subfield>
    <subfield code="t">1</subfield>
    <subfield code="v">1795.00</subfield>
    <subfield code="y">EN</subfield>
  </datafield>
  <datafield tag="952" ind1=" " ind2=" ">
    <subfield code="0">0</subfield>
    <subfield code="1">0</subfield>
    <subfield code="4">0</subfield>
    <subfield code="7">0</subfield>
    <subfield code="8">NFIC</subfield>
    <subfield code="a">KGM</subfield>
    <subfield code="b">KGM</subfield>
    <subfield code="d">2017-03-09</subfield>
    <subfield code="e">BPPD/EN/2016-17/307/24.11.2016/13925/07.12.2016/02.01.2017</subfield>
    <subfield code="g">1795.00</subfield>
    <subfield code="l">0</subfield>
    <subfield code="o">305.800954 SCH</subfield>
    <subfield code="p">B-649766</subfield>
    <subfield code="r">2017-03-09 00:00:00</subfield>
    <subfield code="t">1</subfield>
    <subfield code="v">1795.00</subfield>
    <subfield code="y">EN</subfield>
  </datafield>
  <datafield tag="952" ind1=" " ind2=" ">
    <subfield code="0">0</subfield>
    <subfield code="1">0</subfield>
    <subfield code="4">0</subfield>
    <subfield code="7">0</subfield>
    <subfield code="8">NFIC</subfield>
    <subfield code="a">JP</subfield>
    <subfield code="b">JP</subfield>
    <subfield code="d">2017-03-09</subfield>
    <subfield code="e">BPPD/EN/2016-17/307/24.11.2016/13925/07.12.2016/02.01.2017</subfield>
    <subfield code="g">1795.00</subfield>
    <subfield code="l">0</subfield>
    <subfield code="o">305.800954 SCH</subfield>
    <subfield code="p">B-649767</subfield>
    <subfield code="r">2017-03-09 00:00:00</subfield>
    <subfield code="t">1</subfield>
    <subfield code="v">1795.00</subfield>
    <subfield code="y">EN</subfield>
  </datafield>
  <datafield tag="952" ind1=" " ind2=" ">
    <subfield code="0">0</subfield>
    <subfield code="1">0</subfield>
    <subfield code="4">0</subfield>
    <subfield code="7">0</subfield>
    <subfield code="8">NFIC</subfield>
    <subfield code="a">ZLS</subfield>
    <subfield code="b">ZLS</subfield>
    <subfield code="d">2017-03-09</subfield>
    <subfield code="e">BPPD/EN/2016-17/307/24.11.2016/13925/07.12.2016/02.01.2017</subfield>
    <subfield code="g">1795.00</subfield>
    <subfield code="l">2</subfield>
    <subfield code="o">305.800954 SCH</subfield>
    <subfield code="p">B-649768</subfield>
    <subfield code="r">2019-10-22 00:00:00</subfield>
    <subfield code="s">2019-08-04</subfield>
    <subfield code="t">1</subfield>
    <subfield code="v">1795.00</subfield>
    <subfield code="y">EN</subfield>
  </datafield>
  <datafield tag="952" ind1=" " ind2=" ">
    <subfield code="0">0</subfield>
    <subfield code="1">0</subfield>
    <subfield code="4">0</subfield>
    <subfield code="7">0</subfield>
    <subfield code="8">NFIC</subfield>
    <subfield code="a">BL3</subfield>
    <subfield code="b">BL3</subfield>
    <subfield code="d">2017-03-09</subfield>
    <subfield code="e">BPPD/EN/2016-17/307/24.11.2016/13925/07.12.2016/02.01.2017</subfield>
    <subfield code="g">1795.00</subfield>
    <subfield code="l">0</subfield>
    <subfield code="o">305.800954 SCH</subfield>
    <subfield code="p">B-649769</subfield>
    <subfield code="r">2017-03-09 00:00:00</subfield>
    <subfield code="t">1</subfield>
    <subfield code="v">1795.00</subfield>
    <subfield code="y">EN</subfield>
  </datafield>
  <datafield tag="952" ind1=" " ind2=" ">
    <subfield code="0">0</subfield>
    <subfield code="1">0</subfield>
    <subfield code="4">0</subfield>
    <subfield code="7">0</subfield>
    <subfield code="8">NFIC</subfield>
    <subfield code="a">NRR</subfield>
    <subfield code="b">NRR</subfield>
    <subfield code="d">2017-03-09</subfield>
    <subfield code="e">BPPD/EN/2016-17/307/24.11.2016/13925/07.12.2016/02.01.2017</subfield>
    <subfield code="g">1795.00</subfield>
    <subfield code="l">0</subfield>
    <subfield code="o">305.800954 SCH</subfield>
    <subfield code="p">B-649770</subfield>
    <subfield code="r">2017-03-09 00:00:00</subfield>
    <subfield code="t">1</subfield>
    <subfield code="v">1795.00</subfield>
    <subfield code="y">EN</subfield>
  </datafield>
  <datafield tag="952" ind1=" " ind2=" ">
    <subfield code="0">0</subfield>
    <subfield code="1">0</subfield>
    <subfield code="4">0</subfield>
    <subfield code="7">0</subfield>
    <subfield code="8">NFIC</subfield>
    <subfield code="a">BKK</subfield>
    <subfield code="b">BKK</subfield>
    <subfield code="d">2017-03-09</subfield>
    <subfield code="e">BPPD/EN/2016-17/307/24.11.2016/13925/07.12.2016/02.01.2017</subfield>
    <subfield code="g">1795.00</subfield>
    <subfield code="l">0</subfield>
    <subfield code="o">305.800954 SCH</subfield>
    <subfield code="p">B-649771</subfield>
    <subfield code="r">2017-03-09 00:00:00</subfield>
    <subfield code="t">1</subfield>
    <subfield code="v">1795.00</subfield>
    <subfield code="y">EN</subfield>
  </datafield>
  <datafield tag="952" ind1=" " ind2=" ">
    <subfield code="0">0</subfield>
    <subfield code="1">0</subfield>
    <subfield code="4">0</subfield>
    <subfield code="7">0</subfield>
    <subfield code="8">NFIC</subfield>
    <subfield code="a">BL4</subfield>
    <subfield code="b">BL4</subfield>
    <subfield code="d">2017-03-09</subfield>
    <subfield code="e">BPPD/EN/2016-17/307/24.11.2016/13925/07.12.2016/02.01.2017</subfield>
    <subfield code="g">1795.00</subfield>
    <subfield code="l">0</subfield>
    <subfield code="o">305.800954 SCH</subfield>
    <subfield code="p">B-649772</subfield>
    <subfield code="r">2017-03-09 00:00:00</subfield>
    <subfield code="t">1</subfield>
    <subfield code="v">1795.00</subfield>
    <subfield code="y">EN</subfield>
  </datafield>
  <datafield tag="952" ind1=" " ind2=" ">
    <subfield code="0">0</subfield>
    <subfield code="1">0</subfield>
    <subfield code="4">0</subfield>
    <subfield code="7">0</subfield>
    <subfield code="8">NFIC</subfield>
    <subfield code="a">AV</subfield>
    <subfield code="b">AV</subfield>
    <subfield code="d">2018-03-01</subfield>
    <subfield code="e">Uppal/14146/27.2.2017/EN/AV/473/15.2.2017/7.3.2017</subfield>
    <subfield code="g">1795.00</subfield>
    <subfield code="l">2</subfield>
    <subfield code="m">2</subfield>
    <subfield code="o">305.800954 SCH</subfield>
    <subfield code="p">B-664939</subfield>
    <subfield code="r">2022-03-16 00:00:00</subfield>
    <subfield code="s">2022-02-28</subfield>
    <subfield code="t">1</subfield>
    <subfield code="v">1795.00</subfield>
    <subfield code="w">2018-03-01</subfield>
    <subfield code="y">EN</subfield>
  </datafield>
  <datafield tag="952" ind1=" " ind2=" ">
    <subfield code="0">0</subfield>
    <subfield code="1">0</subfield>
    <subfield code="4">0</subfield>
    <subfield code="7">0</subfield>
    <subfield code="8">NFIC</subfield>
    <subfield code="a">ZLS</subfield>
    <subfield code="b">ZLS</subfield>
    <subfield code="d">2023-02-28</subfield>
    <subfield code="e">DBAD/PUB</subfield>
    <subfield code="g">1795.00</subfield>
    <subfield code="l">0</subfield>
    <subfield code="o">305.800954 SCH</subfield>
    <subfield code="p">EN-119805</subfield>
    <subfield code="r">2023-02-28 00:00:00</subfield>
    <subfield code="t">1</subfield>
    <subfield code="v">1795.00</subfield>
    <subfield code="w">2023-02-28</subfield>
    <subfield code="y">EN</subfield>
  </datafield>
</record>
